000 00759cam a22002413a 4500
001 31789
003 PGUSA
005 20140828083704.0
008 100326s2010||||xxu|||||s|||||000 | eng d
040 _aPGUSA
_beng
042 _adc
050 4 _aF1401
100 1 _aLatané, John Holladay,
_d1869-1932
245 1 4 _aThe United States and Latin America
_h[electronic resource] /
_cJohn Holladay Latané
260 _bProject Gutenberg,
_c2010
506 _aPublic domain in the USA.
516 _aElectronic text
653 _aLatin America -- Foreign relations -- United States
653 _aUnited States -- Foreign relations -- Latin America
830 0 _aProject Gutenberg
_v31789
856 4 0 _uhttp://www.gutenberg.org/ebooks/31789
942 _cEB
999 _c261044
_d261044